| 000 | 00341nam a22001217a 4500 | ||
|---|---|---|---|
| 082 | _a621.3192 BAL'E | ||
| 100 |
_aSESHU, SUNDARAM ,BALABANIAN, NORMAN ,BICKART, THEODORE.A _957414 |
||
| 245 | _aELECTRICAL NETWORK THEORY | ||
| 260 |
_aNEWYORK _bJOHN WILEY _c1969 |
||
| 300 | _a931P | ||
| 650 |
_aELECTRICAL NETWORK THEORY _957415 |
||
| 942 | _cBK | ||
| 999 |
_c567699 _d567699 |
||